Antikommunizm - glavnoje idejno-političeskoje oružije imperializma /

Uložené v:
Podrobná bibliografia
Hlavný autor: Ivanov, Vladimir Michajlovič
Médium: Kniha
Jazyk:Russian
Vydané: Minsk : Belarus´, 1976.
Vydanie:[1. izd.]
ISBN: (brož.)
Fyzický popis: 109 s.
Tagy: Pridať tag
Žiadne tagy, Buďte prvý kto otaguje tento záznam!

MARC

LEADER 00000nam a22000002a 4500
001 000429310
005 20130725170749.0
008 111213s1976 bw e rus d
020 |a (brož.)  |c Kčs 1,90 
040 |a SVKKK  |b slo  |c SVKKK  |e AACR2 
041 0 |a rus 
044 |a bw  |c BY 
100 1 |a Ivanov, Vladimir Michajlovič 
245 1 0 |a Antikommunizm - glavnoje idejno-političeskoje oružije imperializma /  |c Vladimir Michajlovič Ivanov. 
250 |a [1. izd.] 
260 |a Minsk :  |b Belarus´,  |c 1976. 
300 |a 109 s. 
910 |a svkkk 
998 |a BK 
090 |g SCKHL  |k Sklad Hlavná 10 suterén  |a I.46909  |j 556105  |i 429310-10  |4 Zastarané  |s Vyradená